[Event "SRB-chT 2nd League West"]
[Site "Kragujevac"]
[Date "2019.10.05"]
[Round "10.4"]
[White "Bugarcic, Ivan"]
[Black "Tomanovic, Nikola"]
[Result "0-1"]
[WhiteElo "2178"]
[BlackElo "2201"]
[PlyCount "80"]
[EventDate "2019.09.06"]
[EventType "team-tourn"]
[EventRounds "11"]
[EventCountry "SRB"]
[SourceTitle "EXT 2020"]
[Source "ChessBase"]
[SourceDate "2019.10.17"]
[SourceVersion "1"]
[SourceVersionDate "2019.10.17"]
[SourceQuality "1"]
[WhiteTeam "Ivanjica"]
[BlackTeam "Smederevo"]
[WhiteTeamCountry "SRB"]
[BlackTeamCountry "SRB"]

1. e4 c5 2. Nf3 Nc6 3. d3 d6 4. g3 g6 5. Bg2 Bg7 6. 0-0 Bd7 7. c3 Nf6 8. Re1 e5 9. a3 0-0 10. b4 b6 11. b5 Ne7 12. c4 a6 13. bxa6 b5 14. Nc3 bxc4 15. dxc4 Rxa6 16. Nb5 Ne8 17. Rb1 Be6 18. Qd3 h6 19. Bb2 Qc8 20. Nd2 g5 21. Rf1 Ng6 22. Rfd1 Ne7 23. Nf1 f5 24. exf5 Nxf5 25. Ne3 Nd4 26. Bxd4 cxd4 27. Nd5 Qd7 28. Re1 Kh8 29. Rb2 Bf5 30. Be4 Bxe4 31. Rxe4 Nf6 32. Nxf6 Bxf6 33. Re1 Bg7 34. Qe4 Rc6 35. Qd5 Rc5 36. Qe4 d5 37. Qg6 dxc4 38. a4 c3 39. Rc2 Qd5 40. Rd1 Qb3 0-1

[Event "SRB-chT 2nd League West"]
[Site "Kragujevac"]
[Date "2019.09.07"]
[Round "2.2"]
[White "Bugarcic, Ivan"]
[Black "Irizanin, Radoje"]
[Result "1/2-1/2"]
[WhiteElo "2178"]
[BlackElo "2293"]
[PlyCount "65"]
[EventDate "2019.09.06"]
[EventType "team-tourn"]
[EventRounds "11"]
[EventCountry "SRB"]
[SourceTitle "EXT 2020"]
[Source "ChessBase"]
[SourceDate "2019.10.17"]
[SourceVersion "1"]
[SourceVersionDate "2019.10.17"]
[SourceQuality "1"]
[WhiteTeam "Ivanjica"]
[BlackTeam "Cacak Borac"]
[WhiteTeamCountry "SRB"]
[BlackTeamCountry "SRB"]

1. e4 c5 2. Nf3 Nc6 3. d3 g6 4. g3 Bg7 5. Bg2 d6 6. c3 Rb8 7. 0-0 Nf6 8. a3 0-0 9. b4 Bg4 10. h3 Bxf3 11. Qxf3 Nd7 12. Qe2 b5 13. f4 Qc7 14. Ra2 a5 15. bxc5 Nxc5 16. d4 Nb3 17. e5 Ncxd4 18. cxd4 Nxc1 19. Qc2 Qxc2 20. Rxc2 Nb3 21. Rd1 Rfc8 22. Rb2 a4 23. Bd5 Na5 24. Ba2 Nc4 25. Rf2 d5 26. Rd3 e6 27. f5 exf5 28. g4 fxg4 29. hxg4 Rd8 30. Rdf3 Bh6 31. Rc2 Bg5 32. Nc3 Kg7 33. Kh2 1/2-1/2

[Event "SRB-chT2 West"]
[Site "Arandjelovac"]
[Date "2018.09.09"]
[Round "4.5"]
[White "Bugarcic, Ivan"]
[Black "Djokic, Slavoljub"]
[Result "1-0"]
[WhiteElo "2184"]
[BlackElo "2122"]
[PlyCount "79"]
[EventDate "2018.09.07"]
[EventType "team-tourn"]
[EventRounds "11"]
[EventCountry "SRB"]
[SourceTitle "EXT 2021"]
[Source "ChessBase"]
[SourceDate "2020.10.23"]
[SourceVersion "1"]
[SourceVersionDate "2020.10.23"]
[SourceQuality "1"]
[WhiteTeam "Ivanjica"]
[BlackTeam "Krusevac"]
[WhiteTeamCountry "SRB"]
[BlackTeamCountry "SRB"]

1. Nf3 Nf6 2. g3 g6 3. Bg2 Bg7 4. d3 0-0 5. e4 d6 6. 0-0 Bg4 7. Nbd2 c5 8. Re1 Nc6 9. c3 Ne5 10. Qc2 Nxf3+ 11. Nxf3 Bxf3 12. Bxf3 Qc7 13. Bg2 Rac8 14. Bd2 b5 15. a4 a6 16. axb5 axb5 17. Ra6 Nd7 18. Rea1 Rb8 19. f4 e6 20. h3 Rb6 21. Ra7 Rb7 22. Rxb7 Qxb7 23. Qb3 Rb8 24. e5 d5 25. Qa2 c4 26. Qa7 cxd3 27. Qxb7 Rxb7 28. Ra8+ Bf8 29. Rd8 Kg7 30. Bf1 Bc5+ 31. Kg2 Bb6 32. Re8 Nc5 33. Be3 Na4 34. Bc1 d2 35. Bxd2 Nxb2 36. f5 exf5 37. Bg5 Nc4 38. Bf6+ Kh6 39. Be2 g5 40. g4 1-0

[Event "SRB-chT2 West"]
[Site "Kragujevac"]
[Date "2017.09.10"]
[Round "4.3"]
[White "Nikolic, Vojkan"]
[Black "Bugarcic, Ivan"]
[Result "0-1"]
[WhiteElo "2105"]
[BlackElo "2150"]
[PlyCount "68"]
[EventDate "2017.09.08"]
[EventType "team-tourn"]
[EventRounds "11"]
[EventCountry "SRB"]
[SourceTitle "EXT 2022"]
[Source "ChessBase"]
[SourceDate "2021.10.06"]
[SourceVersion "1"]
[SourceVersionDate "2021.10.06"]
[SourceQuality "1"]

1. e4 g6 2. d4 Bg7 3. Nc3 d6 4. Nf3 Bg4 5. Be2 Nf6 6. Be3 Nbd7 7. 0-0 0-0 8. Nd2 Bxe2 9. Qxe2 e5 10. dxe5 Nxe5 11. h3 d5 12. f4 Nc6 13. e5 Nh5 14. Nf3 Ng3 15. Qd2 Nxf1 16. Rxf1 d4 17. Nxd4 Nxd4 18. Bxd4 c5 19. Be3 Qxd2 20. Bxd2 f6 21. e6 Rfe8 22. f5 gxf5 23. Rxf5 Rac8 24. Nd5 Rxe6 25. c4 a6 26. Bc3 b5 27. b3 Kf7 28. Kf1 bxc4 29. bxc4 Re4 30. g4 Rc6 31. Bd2 Rxc4 32. Rh5 Rd6 33. Be3 Rc2 34. Rf5 Re6 0-1

[Event "SRB-chT2 West CS"]
[Site "Serbia"]
[Date "2016.10.08"]
[Round "9.5"]
[White "Bugarcic, Ivan"]
[Black "Markovic, Dragan P"]
[Result "1/2-1/2"]
[WhiteElo "2177"]
[BlackElo "2237"]
[PlyCount "20"]
[EventDate "2016.09.04"]
[EventType "team-tourn"]
[EventRounds "11"]
[EventCountry "SRB"]
[SourceTitle "EXT 2018"]
[Source "ChessBase"]
[SourceDate "2017.10.13"]
[SourceVersion "1"]
[SourceVersionDate "2017.10.13"]
[SourceQuality "1"]

1. e4 c6 2. d3 d5 3. Nc3 dxe4 4. dxe4 Qc7 5. Bc4 e5 6. h3 Bc5 7. Bg5 Ne7 8. Qe2 0-0 9. 0-0-0 b5 10. Bb3 Kh8 1/2-1/2

[Event "SRB-chT3 West"]
[Site "Serbia"]
[Date "2010.09.19"]
[Round "2"]
[White "Kecap, Ismed"]
[Black "Bugarcic, Ivan"]
[Result "0-1"]
[WhiteElo "2190"]
[BlackElo "2181"]
[PlyCount "79"]
[EventDate "2010.09.12"]
[EventType "team"]
[EventRounds "11"]
[EventCountry "SRB"]
[SourceTitle "EXT 2012"]
[Source "ChessBase"]
[SourceDate "2011.11.24"]
[SourceVersion "1"]
[SourceVersionDate "2011.11.24"]
[SourceQuality "1"]

1. e4 c5 2. Nf3 g6 3. d4 Bg7 4. c3 cxd4 5. cxd4 d6 6. Nc3 Nc6 7. h3 Qb6 8. Nd5 Qd8 9. Nc3 Nf6 10. Be3 0-0 11. Bd3 Nd7 12. Qd2 e5 13. d5 Nd4 14. Bxd4 exd4 15. Ne2 Nc5 16. 0-0 Re8 17. Ng3 h5 18. b4 Nxd3 19. Qxd3 Qb6 20. Rab1 Bd7 21. b5 Rac8 22. Ne2 f5 23. Nfxd4 Rxe4 24. Ne6 Be5 25. Ng5 Rec4 26. Nf3 Bg7 27. Nd2 Rc2 28. a4 Qa5 29. Rfd1 Qxa4 30. Qg3 Qa2 31. Qxd6 Be8 32. Nf4 Kh7 33. Nf3 Rxf2 34. Rbc1 Rxc1 35. Rxc1 Rxf3 36. gxf3 Bd4+ 37. Kh1 Qf2 38. Ng2 Qxf3 39. Qe7+ Kh6 40. Kh2 0-1

[Event "Belgrade-chT"]
[Site "Belgrade"]
[Date "2007.??.??"]
[Round "3"]
[White "Tatisic, Milan"]
[Black "Bugarcic, Ivan"]
[Result "1/2-1/2"]
[WhiteElo "2220"]
[BlackElo "2210"]
[PlyCount "76"]
[EventDate "2007.10.??"]
[EventType "team-tourn"]
[EventRounds "9"]
[EventCountry "YUG"]
[SourceTitle "EXT 2010"]
[Source "ChessBase"]
[SourceDate "2010.11.25"]
[SourceVersion "1"]
[SourceVersionDate "2010.11.25"]
[SourceQuality "1"]

1. c4 Nf6 2. Nc3 d6 3. d4 g6 4. e4 Bg7 5. f4 0-0 6. Nf3 Bg4 7. Be2 Nbd7 8. e5 Ne8 9. Ng5 Bxe2 10. Qxe2 e6 11. d5 h6 12. Nxf7 Rxf7 13. dxe6 Re7 14. exd7 Qxd7 15. Nd5 Re6 16. Ne3 dxe5 17. f5 Rf6 18. fxg6 Rxg6 19. 0-0 Qd4 20. Kh1 Qe4 21. Qf3 Qxf3 22. gxf3 c6 23. Bd2 Nd6 24. Bc3 Rf8 25. Rad1 Rf4 26. b3 h5 27. Ng2 Rf7 28. Nh4 Re6 29. Rde1 Rfe7 30. Bb4 Rf7 31. f4 Nf5 32. Nxf5 Rxf5 33. Bc3 Kf7 34. fxe5 Rxf1+ 35. Rxf1+ Kg6 36. Rg1+ Kh6 37. Re1 Kg6 38. Kg1 Kh6 1/2-1/2

[Event "SCG-chT1 Central"]
[Site "Vrnjacka Banja"]
[Date "2004.09.25"]
[Round "1.6"]
[White "Bugarcic, Ivan"]
[Black "Popovic, Nenad"]
[Result "0-1"]
[WhiteElo "2205"]
[BlackElo "2179"]
[PlyCount "106"]
[EventDate "2004.09.25"]
[EventType "team"]
[EventRounds "11"]
[EventCountry "YUG"]
[SourceTitle "CBM 102 Extra"]
[Source "ChessBase"]
[SourceDate "2004.11.03"]
[SourceVersion "1"]
[SourceVersionDate "2004.11.03"]
[SourceQuality "1"]
[WhiteTeam "04"]
[BlackTeam "01"]
[WhiteTeamCountry "YUG"]
[BlackTeamCountry "YUG"]

1. e4 c6 2. d4 d5 3. Nc3 dxe4 4. Nxe4 Nf6 5. Nxf6+ gxf6 6. c3 Bf5 7. Ne2 Nd7 8. Ng3 Bg6 9. h4 h6 10. h5 Bh7 11. Bd3 Bxd3 12. Qxd3 e6 13. Bf4 Qa5 14. 0-0 0-0-0 15. b4 Qd5 16. Qe2 Nb6 17. a4 Nc4 18. b5 Rg8 19. bxc6 Qxc6 20. Rfe1 f5 21. Rad1 Rg4 22. Be5 Be7 23. Qf3 f6 24. Qxc6+ bxc6 25. Bxf6 Bxf6 26. Rxe6 Rd6 27. Re8+ Bd8 28. Nxf5 Rf6 29. Ng3 Kd7 30. Rde1 Nd6 31. Rh8 Rgf4 32. f3 Ba5 33. Rc1 Re6 34. Kf2 Rf7 35. Ra8 Nc8 36. Rb1 Kc7 37. c4 Rg7 38. d5 cxd5 39. cxd5 Bb6+ 40. Kf1 Re5 41. Ne4 Kb7 42. Rxc8 Kxc8 43. Rc1+ Kb7 44. Rb1 Ka6 45. Rc1 Rxh5 46. Rc4 Rh1+ 47. Ke2 Rh2 48. Kf1 Rg6 49. g4 h5 50. g5 Be3 51. f4 Rb6 52. Nc3 Rbb2 53. Ne4 Rh1# 0-1

[Event "Belgrade Jezero op 10th"]
[Site "Belgrade"]
[Date "2004.08.22"]
[Round "6"]
[White "Bugarcic, Ivan"]
[Black "Sarenac, David"]
[Result "1-0"]
[WhiteElo "2205"]
[BlackElo "2092"]
[PlyCount "83"]
[EventDate "2004.08.17"]
[EventType "swiss"]
[EventRounds "9"]
[EventCountry "YUG"]
[SourceTitle "EXT 2005"]
[Source "ChessBase"]
[SourceDate "2004.11.15"]
[SourceVersion "1"]
[SourceVersionDate "2004.11.15"]
[SourceQuality "1"]

1. e4 e5 2. d4 exd4 3. Qxd4 Nc6 4. Qe3 Nf6 5. Nc3 Bb4 6. Bd2 0-0 7. 0-0-0 Re8 8. Bc4 Bxc3 9. Bxc3 Nxe4 10. Qf4 Re7 11. Bxf7+ Rxf7 12. Qxe4 d6 13. Nf3 Qe7 14. Qa4 Bf5 15. Rhe1 Qd7 16. Ng5 Re7 17. Qb3+ Kf8 18. g4 h6 19. gxf5 hxg5 20. Rxe7 Nxe7 21. f6 gxf6 22. Bxf6 Qf5 23. Bxe7+ Kxe7 24. Qxb7 Rc8 25. Qxa7 Kf8 26. Qd4 Re8 27. Qh8+ Kf7 28. Qh5+ Kf8 29. Qh8+ Kf7 30. Qd4 Kf8 31. Qd2 Re5 32. b3 Qf3 33. Rg1 Qh5 34. f4 Re2 35. Qd5 Qxh2 36. Qf5+ Ke7 37. Qxg5+ Kd7 38. Qb5+ Ke7 39. Rg7+ Kf8 40. Rxc7 Qxf4+ 41. Kb2 Qd4+ 42. Ka3 1-0

[Event "SCG-chT"]
[Site "Petrovac"]
[Date "2004.05.16"]
[Round "1.3"]
[White "Bugarcic, Ivan"]
[Black "Arsovic, Goran"]
[Result "1/2-1/2"]
[WhiteElo "2199"]
[BlackElo "2397"]
[PlyCount "59"]
[EventDate "2004.05.16"]
[EventType "team"]
[EventRounds "7"]
[EventCountry "YUG"]
[SourceTitle "CBM 100 Extra"]
[Source "ChessBase"]
[SourceDate "2004.07.06"]
[SourceVersion "2"]
[SourceVersionDate "2004.07.06"]
[SourceQuality "1"]
[WhiteTeam "16"]
[BlackTeam "04"]
[WhiteTeamCountry "YUG"]
[BlackTeamCountry "YUG"]

1. e4 c5 2. Nf3 d6 3. d4 cxd4 4. Nxd4 Nf6 5. Nc3 a6 6. Bc4 e6 7. Bb3 b5 8. f3 Be7 9. g4 0-0 10. Be3 Bb7 11. Qd2 Nc6 12. h4 Nxd4 13. Bxd4 Nd7 14. 0-0-0 Nc5 15. Kb1 Qc7 16. g5 b4 17. Na4 Bc6 18. Qxb4 Bxa4 19. Bxa4 Rab8 20. Qa3 Nxa4 21. Qxa4 a5 22. Ka1 Rb4 23. Qa3 Qxc2 24. Qc3 Qxc3 25. Bxc3 Rb5 26. Rd3 Rc8 27. a3 Kf8 28. Rhd1 f5 29. Re1 Kf7 30. Rde3 1/2-1/2

[Event "MNT op 5th"]
[Site "Sozina"]
[Date "2004.02.21"]
[Round "4"]
[White "Bugarcic, Ivan"]
[Black "Brakus, Dragan"]
[Result "0-1"]
[WhiteElo "2238"]
[BlackElo "2019"]
[PlyCount "33"]
[EventDate "2004.02.18"]
[EventType "swiss"]
[EventRounds "9"]
[EventCountry "MNE"]
[SourceTitle "CBM 098 Extra"]
[Source "ChessBase"]
[SourceDate "2004.03.10"]
[SourceVersion "2"]
[SourceVersionDate "2004.03.10"]
[SourceQuality "1"]

1. e4 c5 2. Nf3 Nc6 3. d3 g6 4. g3 Bg7 5. Bg2 d6 6. 0-0 Qc7 7. c3 e5 8. Ng5 h6 9. Nh3 Be6 10. f4 Qd7 11. Nf2 h5 12. Be3 Nh6 13. fxe5 Nxe5 14. Bg5 Nhg4 15. a4 Nxf2 16. Rxf2 Ng4 17. Rd2 0-1

[Event "Serbia-chT central"]
[Site "Golubac"]
[Date "2003.??.??"]
[Round "?"]
[White "Tojagic, Dane"]
[Black "Bugarcic, Ivan"]
[Result "1-0"]
[WhiteElo "2303"]
[BlackElo "2226"]
[PlyCount "71"]
[EventDate "2003.09.27"]
[EventType "team"]
[EventRounds "11"]
[EventCountry "YUG"]
[SourceTitle "CBM 096 Extra"]
[Source "ChessBase"]
[SourceDate "2003.10.22"]
[SourceVersion "2"]
[SourceVersionDate "2003.10.20"]
[SourceQuality "1"]

1. d4 Nf6 2. c4 e6 3. Nf3 Bb4+ 4. Bd2 a5 5. g3 0-0 6. Bg2 d5 7. a3 Bxd2+ 8. Nbxd2 Nbd7 9. Qc2 c6 10. 0-0 Qe7 11. e4 dxc4 12. e5 Nd5 13. Nxc4 c5 14. Rac1 b5 15. Nd6 cxd4 16. Nxd4 Nxe5 17. Nxc8 Qd8 18. Bxd5 Rxc8 19. Qxc8 Qxd5 20. Qc3 Qxd4 21. Qxd4 Nf3+ 22. Kg2 Nxd4 23. Rfd1 e5 24. Rc7 f6 25. Rdc1 a4 26. Rc8 Rxc8 27. Rxc8+ Kf7 28. Rc7+ Kg6 29. Rd7 h5 30. f4 h4 31. Kf2 h3 32. g4 Kh6 33. fxe5 fxe5 34. Rd5 Kg5 35. Rxe5+ Nf5 36. Rd5 1-0